000
00253nam a22001097a 4500
100
_a
MC cormack,Mark.II
245
_a
What they Don't touch youat harverd Business School
250
_a
2003
260
_b
Profile Books
300
_a
251
942
_2
ddc
_c
BK
999
_c
12800
_d
12800